Welcome to WEB OPAC of MRSPTU Central Library

Handbook of biomedical instrumentation (Record no. 5974)

MARC details
000 -LEADER
fixed length control field 00455nam a2200169Ia 4500
008 - FIXED-LENGTH DATA ELEMENTS--GENERAL INFORMATION
fixed length control field 230711s9999||||xx |||||||||||||| ||und||
020 ## - INTERNATIONAL STANDARD BOOK NUMBER
International Standard Book Number 978-93-392-0543-0
041 ## - LANGUAGE CODE
Language code of text/sound track or separate title ENG
082 ## - DEWEY DECIMAL CLASSIFICATION NUMBER
Classification number 621.37
Item number KH-H
100 ## - MAIN ENTRY--PERSONAL NAME
Personal name Khandpur,R.S
245 #0 - TITLE STATEMENT
Title Handbook of biomedical instrumentation
250 ## - EDITION STATEMENT
Edition statement 3rd Ed.
260 ## - PUBLICATION, DISTRIBUTION, ETC.
Date of publication, distribution, etc. 2014
Place of publication, distribution, etc. New Delhi
Name of publisher, distributor, etc. McGraw Hill Education(India) Private Limited
300 ## - PHYSICAL DESCRIPTION
Extent 959p.
650 ## - SUBJECT ADDED ENTRY--TOPICAL TERM
Topical term or geographic name entry element Electrical Engineering
942 ## - ADDED ENTRY ELEMENTS (KOHA)
Koha item type Book
Holdings
Withdrawn status Lost status Damaged status Not for loan Collection Home library Current library Date acquired Cost, normal purchase price Inventory number Total checkouts Full call number Barcode Date last seen Date last checked out Price effective from Koha item type
          MRSPTU Central Library MRSPTU Central Library   875.00 2742478 2 621.37 KH-H 32178 06/20/2024 04/26/2024 08/17/2023 Book
          MRSPTU Central Library MRSPTU Central Library   875.00 2742478 3 621.37 KH-H 32179 06/05/2024 05/14/2024 08/17/2023 Book
          MRSPTU Central Library MRSPTU Central Library   875.00 2742478 2 621.37 KH-H 32180 06/11/2024 04/19/2024 08/17/2023 Book
          MRSPTU Central Library MRSPTU Central Library   875.00 2742478   621.37 KH-H 32181 08/17/2023   08/17/2023 Book
          MRSPTU Central Library MRSPTU Central Library   875.00 2742478   621.37 KH-H 32182 08/17/2023   08/17/2023 Book
          MRSPTU Central Library MRSPTU Central Library         621.37 KH-H 34975 08/17/2023   08/17/2023 Book
          MRSPTU Central Library MRSPTU Central Library       2 621.37 KH-H 34976 05/23/2024 05/06/2024 08/17/2023 Book
          MRSPTU Central Library MRSPTU Central Library       1 621.37 KH-H 34977 07/24/2024 01/29/2024 08/17/2023 Book
          MRSPTU Central Library MRSPTU Central Library       1 621.37 KH-H 34978 06/14/2024 01/30/2024 08/17/2023 Book
          MRSPTU Central Library MRSPTU Central Library       3 621.37 KH-H 34979 06/03/2025 05/13/2025 08/17/2023 Book
          MRSPTU Central Library MRSPTU Central Library 08/04/2043       681.761 KH-H 39155 08/17/2023   08/17/2023 Book
          MRSPTU Central Library MRSPTU Central Library 08/04/2043       681.761 KH-H 39156 08/17/2023   08/17/2023 Book
          MRSPTU Central Library MRSPTU Central Library 08/04/2043     2 681.761 KH-H 39157 01/03/2025 11/12/2024 08/17/2023 Book
          MRSPTU Central Library MRSPTU Central Library 08/04/2043     3 681.761 KH-H 39158 05/24/2024 05/03/2024 08/17/2023 Book
          MRSPTU Central Library MRSPTU Central Library 08/04/2043       681.761 KH-H 39159 08/17/2023   08/17/2023 Book

Website Designed and Developed by MRSPTU Central Library Team

E-mail Id: librarian@mrsptu.ac.in